| 000 | 00479nam a2200181Ia 4500 | ||
|---|---|---|---|
| 001 | 44239 | ||
| 008 | 140428s9999 xx 000 0 und d | ||
| 020 | _aNA | ||
| 040 | _cPK-LaUMT | ||
| 082 |
_aRHC 891.4393 _bNAS- |
||
| 100 | _aSajjad Hussain Anjum Kasmandvi | ||
| 245 |
_aNashtar (Urdu) _cSajjad Hussain Anjum Kasmandvi |
||
| 260 |
_aLahore,Pakistan: _bMajlas-e-Taraqi Adab, _c1963 |
||
| 300 | _a263 p. | ||
| 546 | _aUR | ||
| 650 | _aPakistan literature-Urdu | ||
| 942 | _cBK | ||
| 999 |
_c42232 _d42232 |
||